Welcome to CU Library Online Public Access Catalogue (OPAC)

Professional nursing practice : (Record no. 7937)

MARC details
000 -LEADER
fixed length control field 00816cam a22002534a 4500
001 - CONTROL NUMBER
control field 13802701
005 - DATE AND TIME OF LATEST TRANSACTION
control field 20251030105458.0
008 - FIXED-LENGTH DATA ELEMENTS--GENERAL INFORMATION
fixed length control field 041129s2006 njua b 001 0 eng
020 ## - INTERNATIONAL STANDARD BOOK NUMBER
International Standard Book Number 0131188194
020 ## - INTERNATIONAL STANDARD BOOK NUMBER
International Standard Book Number 9780131188198
050 00 - LIBRARY OF CONGRESS CALL NUMBER
Classification number RT84.5
Item number .K69 2006
082 00 - DEWEY DECIMAL CLASSIFICATION NUMBER
Classification number 610.73
Edition information 22
245 00 - TITLE STATEMENT
Title Professional nursing practice :
Remainder of title concepts and perspectives /
Statement of responsibility, etc. Kathleen Koernig Blais ... [et al.].
250 ## - EDITION STATEMENT
Edition statement 5th ed.
260 ## - PUBLICATION, DISTRIBUTION, ETC.
Place of publication, distribution, etc. Upper Saddle River, N.J. :
Name of publisher, distributor, etc. Pearson/Prentice Hall,
Date of publication, distribution, etc. c2006.
300 ## - PHYSICAL DESCRIPTION
Extent xix, 460 p. :
Other physical details ill. ;
Dimensions 26 cm.
650 #0 - SUBJECT ADDED ENTRY--TOPICAL TERM
Topical term or geographic name entry element Nursing
General subdivision Philosophy.
650 12 - SUBJECT ADDED ENTRY--TOPICAL TERM
Topical term or geographic name entry element Nursing.
650 22 - SUBJECT ADDED ENTRY--TOPICAL TERM
Topical term or geographic name entry element Nurse's Role.
650 22 - SUBJECT ADDED ENTRY--TOPICAL TERM
Topical term or geographic name entry element Nursing Theory.
700 1# - ADDED ENTRY--PERSONAL NAME
Personal name Blais, Kathleen.
856 41 - ELECTRONIC LOCATION AND ACCESS
Materials specified Table of contents
Uniform Resource Identifier <a href="http://www.loc.gov/catdir/toc/ecip054/2004028296.html">http://www.loc.gov/catdir/toc/ecip054/2004028296.html</a>
942 ## - ADDED ENTRY ELEMENTS (KOHA)
Source of classification or shelving scheme Library of Congress Classification
Koha item type Books
Edition 5th ed.
Suppress in OPAC No
999 ## -
-- 7937
-- 7937
Holdings
Withdrawn status Lost status Source of classification or shelving scheme Damaged status Not for loan Collection Home library Current library Shelving location Date acquired Total checkouts Full call number Barcode Date last seen Copy number Price effective from Koha item type
    Library of Congress Classification     Non-fiction Science Library (Miotso) Science Library (Miotso) General stacks 10/30/2025   RT84.5 .K69 PRO SLM00005000 10/30/2025 1 10/30/2025 Books
    Library of Congress Classification     Non-fiction Science Library (Miotso) Science Library (Miotso) General stacks 10/30/2025   RT84.5 .K69 PRO SLM00005001 10/30/2025 2 10/30/2025 Books
    Library of Congress Classification     Non-fiction Science Library (Miotso) Science Library (Miotso) General stacks 10/30/2025   RT84.5 .K69 PRO SLM00005002 10/30/2025 3 10/30/2025 Books
    Library of Congress Classification     Non-fiction Science Library (Miotso) Science Library (Miotso) General stacks 10/30/2025   RT84.5 .K69 PRO SLM00005003 10/30/2025 4 10/30/2025 Books
    Library of Congress Classification     Non-fiction Science Library (Miotso) Science Library (Miotso) General stacks 10/30/2025   RT84.5 .K69 PRO SLM00005004 10/30/2025 5 10/30/2025 Books
© 2023-2024 Copyright: Central University Libraries. All Rights Reserved | Created by: Mahone Tech Office